000 00532nam a2200181Ia 4500
008 151018s9999 xx 000 0 und d
082 _bRBASDV61640
_a110
100 _aआनंद पिंपळकर
245 _aश्री यंत्र
250 _b1
260 _bप्रणव
_c2007
300 _a20
600 _aआनंद पिंपळकर
630 _aश्री यंत्र
700 _aआनंद पिंपळकर
730 _aश्री यंत्र
942 _cBOOK
999 _c1054902
_d1054899